[Event "lets play chess"]
[Site "SchemingMind.com"]
[Date "2009.09.17"]
[Round "-"]
[White "roscoe"]
[Black "Gammon"]
[Result "1-0"]
[WhiteCountry "USA"]
[BlackCountry "USA"]
[WhiteElo "1554"]
[WhiteRD "94"]
[BlackElo "1401"]
[BlackRD "48"]
[GameID "220299"]

1. Nf3 d5 2. d4 Nc6 3. g3 Bf5 4. Bg2 Nf6 5. O-O e6 6. Re1 Bd6 7. b3 Qe7 8. Bg5 h6 9. Bxf6 Qxf6 10. c4 O-O
11. Nc3 a5 12. a3 b6 13. cxd5 Ne7 14. Nb5 Nxd5 15. Nxd6 cxd6 16. Nh4 Rac8 17. e4 Nc3 18. Qd3 Bg6 19. Nxg6 Qxg6 20. Rac1 Nxe4
21. Bxe4 Qg4 22. Bh7+ Kh8 23. Rxc8 Rxc8 24. Be4 d5 25. Bg2 Rc6 26. h4 h5 27. Kh2 Qg6 28. Qxg6 fxg6 29. Bh3 Rc3 30. Bxe6 Rxb3
31. Bxd5 Rd3 32. Be4 Rxd4 33. Bxg6 Rd8 34. Bxh5 Kh7 35. Rb1 Rb8 36. a4 Kh6 37. Bf3 g5 38. Kh3 Rf8 39. Rxb6+ Kh7 40. Kg2 gxh4
41. Be4+ Kh8 42. Rh6+ Kg7 43. Rxh4
1-0

[Event "lets play chess"]
[Site "SchemingMind.com"]
[Date "2009.09.17"]
[Round "-"]
[White "Gammon"]
[Black "roscoe"]
[Result "0-1"]
[WhiteCountry "USA"]
[BlackCountry "USA"]
[WhiteElo "1401"]
[WhiteRD "48"]
[BlackElo "1554"]
[BlackRD "94"]
[GameID "220304"]

1. c4 c5 2. Nc3 d6 3. e4 e5 4. Nf3 Nc6 5. d3 Nf6 6. Bg5 Be7 7. Bxf6 Bxf6 8. Nd5 O-O 9. Be2 Nd4 10. Nxd4 cxd4
11. Qd2 a6 12. O-O b5 13. Rac1 Bb7 14. f4 Bxd5 15. cxd5 a5 16. Bg4 g6 17. f5 Kg7 18. Rf3 h5 19. Rh3 Bg5 20. Qxg5 Qxg5
21. f6+ Kxf6 22. Rf1+ Kg7 23. Bd7 b4 24. Rhf3 Qe7 25. Be6 f6
0-1

[Event "lets play chess"]
[Site "SchemingMind.com"]
[Date "2009.09.20"]
[Round "-"]
[White "lemme howdt"]
[Black "miyuki"]
[Result "1-0"]
[WhiteCountry "USA"]
[BlackCountry "JPN"]
[WhiteElo "1708"]
[WhiteRD "99"]
[BlackElo "1613"]
[BlackRD "171"]
[GameID "220423"]

1. e4 e5 2. Nf3 Nc6 3. Bc4 Bc5 4. c3 h6 5. d4 exd4 6. cxd4 Bb4+ 7. Nc3 Nf6 8. Bd2 O-O 9. e5 Re8 10. O-O Bxc3
11. bxc3 Ne4 12. Qb3 Re7 13. Rfe1 Na5 14. Qa4 Nxd2 15. Nxd2 Nxc4 16. Qxc4 d5 17. Qd3 Re6 18. Re3 Rb6 19. Rb1 g6 20. Qe2 Bf5
21. Rxb6 axb6 22. h3 Rxa2 23. g4 Be6 24. Rd3 c5 25. dxc5 bxc5 26. Qe3 Ra1+ 27. Kg2 d4 28. cxd4 Bd5+ 29. f3 Ra2 30. dxc5 Bxf3+
31. Kxf3 Qh4 32. Ke2 Ra1 33. Qg3 Qe7 34. Rd6 Rc1 35. Qe3 Qh4 36. Kd3 Rh1 37. Qd4 Rxh3+ 38. Kc4 Rg3 39. Rd8+ Kh7 40. e6 f6
41. Qd7#
1-0

[Event "lets play chess"]
[Site "SchemingMind.com"]
[Date "2009.09.20"]
[Round "-"]
[White "miyuki"]
[Black "lemme howdt"]
[Result "0-1"]
[WhiteCountry "JPN"]
[BlackCountry "USA"]
[WhiteElo "1685"]
[WhiteRD "189"]
[BlackElo "1706"]
[BlackRD "115"]
[GameID "220425"]

1. e4 e5 2. Nf3 Nc6 3. Bc4 Bc5 4. d4 exd4 5. Ng5 Ne5 6. b3 h6 7. Nf3 d6 8. Nxd4 Nxc4 9. bxc4 Nf6 10. O-O O-O
11. Bb2 Bg4 12. Qd3 Re8 13. Nf3 Nxe4 14. Nc3 Nxf2 15. Rxf2 Bxf2+ 16. Kxf2 c6 17. Qd4 Bxf3 18. Ne4 f6 19. gxf3 d5 20. cxd5 Qxd5
21. Nxf6+ gxf6 22. Rg1+ Kh7 23. Qxf6 Qd2+ 24. Kg3 Qg5+ 25. Kh3 Qxf6 26. Bxf6 Rg8 27. Rf1 Rae8 28. f4 Re2 29. f5 Rxc2 30. a3 Rgg2
31. Be5 Kg8 32. f6 Kf7 33. Kh4 b5 34. Kh5 Rg5+ 35. Kxh6 Rxe5 36. h4 Rg2 37. Rg1 Rxg1 38. a4 Rg8 39. axb5 Rh8#
0-1

[Event "lets play chess"]
[Site "SchemingMind.com"]
[Date "2009.09.23"]
[Round "-"]
[White "Mel"]
[Black "Norsland"]
[Result "0-1"]
[WhiteCountry "USA"]
[BlackCountry "USA"]
[WhiteElo "1584"]
[WhiteRD "107"]
[BlackElo "2025"]
[BlackRD "86"]
[GameID "220755"]

1. e4 c5 2. Nf3 d6 3. d4 cxd4 4. c3 dxc3 5. Bb5+ Nc6 6. bxc3 Bd7 7. Qd3 Nf6 8. Bg5 e6 9. Bxf6 gxf6 10. O-O h5
11. Nbd2 Rc8 12. Nc4 a6 13. Bxc6 Bxc6 14. Rad1 d5 15. Ne3 dxe4 16. Qxd8+ Rxd8 17. Nd4 Bc5 18. Nec2 Bd5 19. Nb4 Bxb4 20. cxb4 Bxa2
21. Rd2 Bc4 22. Rc1 b5 23. Rcd1 Rd5 24. Nc2 Rxd2 25. Rxd2 Ke7 26. Nd4 Rc8 27. Rc2 f5 28. Nb3 Kd6 29. Nc5 Rxc5 30. bxc5+ Kxc5
31. Rd2 b4 32. Rd7 e5 33. Re7 b3
0-1

[Event "lets play chess"]
[Site "SchemingMind.com"]
[Date "2009.09.26"]
[Round "-"]
[White "cnbcad"]
[Black "Jacobsen"]
[Result "1-0"]
[WhiteCountry "USA"]
[BlackCountry "CIV"]
[WhiteElo "1487"]
[WhiteRD "62"]
[BlackElo "1717"]
[BlackRD "158"]
[GameID "220756"]

1. d4 Nf6 2. c4 e6 3. a3 b6 4. e3 d5 5. Nf3 Bd6 6. Bd3 Ba6 7. cxd5 Bxd3 8. Qxd3 exd5 9. O-O O-O 10. Nbd2 Nbd7
11. Ng5 Bxh2+ 12. Kh1 Bd6 13. g3 c5 14. Kg2
1-0

[Event "lets play chess"]
[Site "SchemingMind.com"]
[Date "2009.09.26"]
[Round "-"]
[White "MOIMOI"]
[Black "Salva"]
[Result "1/2-1/2"]
[WhiteCountry "POL"]
[BlackCountry "ESP"]
[WhiteElo "1563"]
[WhiteRD "51"]
[BlackElo "1652"]
[BlackRD "87"]
[GameID "220758"]

1. e4 e5 2. Qf3 Nf6 3. Bc4 Nc6 4. c3 d6 5. h3 Be6 6. Bxe6 fxe6 7. d3 d5 8. Bg5 Be7 9. Bxf6 Bxf6 10. Qh5+ g6
11. Qd1 Qd6 12. Nd2 O-O-O 13. Ne2 d4 14. c4 Nb4 15. Nb3 Rhf8 16. Qd2 Bh4 17. g3 Bg5 18. Qd1 Rf3 19. Nec1 Qf8 20. O-O Rd7
21. Nd2 Bxd2 22. Qxd2 Rdf7 23. Kg2 g5 24. a3 Nc6 25. Nb3 Qh6 26. Rae1 Ne7 27. Qa5 Nc6 28. Qb5 a6 29. Qa4 Rxd3 30. Nc5 Rdf3
31. Nxa6 Qh5 32. Nc5 Kd8 33. Nxb7+ Kd7 34. Nc5+ Kd6 35. Nxe6 R7f6 36. Ng7 Qf7 37. Nf5+ R6xf5 38. exf5 Qxf5 39. c5+ Kd5 40. b3 e4
41. Qc4+ Ke5 42. Qg8 Rd3 43. f4+ gxf4 44. Rxf4 Rxg3+ 45. Qxg3 Qxf4 46. Qg7+ Kd5 47. Qd7+ Kxc5 48. b4+ Kb6 49. Qg4 Qd2+ 50. Re2 Qd3
51. Qxe4 Qxa3 52. Rc2 Qa4 53. Qe2 Nxb4 54. Rc4 c5 55. Rc1 Qc6+ 56. Kg1 d3 57. Qe3 Qd5 58. Qh6+ Kb5 59. Qe3 c4 60. Qe8+ Kc5
61. Qc8+ Kd4 62. Qh8+ Kc5 63. Qc8+ Kd4 64. Qh8+ Kc5 65. Qc8+=
1/2-1/2

[Event "lets play chess"]
[Site "SchemingMind.com"]
[Date "2009.09.22"]
[Round "-"]
[White "Professor"]
[Black "maro"]
[Result "1-0"]
[WhiteCountry "USA"]
[BlackCountry "MEX"]
[WhiteElo "1649"]
[WhiteRD "220"]
[BlackElo "1348"]
[BlackRD "47"]
[GameID "220759"]

1. d4 d5 2. c4 c5 3. cxd5 Qxd5 4. Nf3 Nf6 5. Nc3 Qc4 6. e4 cxd4 7. Bxc4 dxc3 8. e5 cxb2 9. Bxb2 Ne4 10. Qd5 e6
11. Qxe4 Bb4+ 12. Ke2 O-O 13. Bd3 g6 14. Qxb4
1-0

[Event "lets play chess"]
[Site "SchemingMind.com"]
[Date "2009.09.22"]
[Round "-"]
[White "Norsland"]
[Black "Mel"]
[Result "1-0"]
[WhiteCountry "USA"]
[BlackCountry "USA"]
[WhiteElo "2025"]
[WhiteRD "86"]
[BlackElo "1584"]
[BlackRD "107"]
[GameID "220767"]

1. Nc3 e5 2. Nf3 Nc6 3. d4 exd4 4. Nxd4 Nf6 5. Bg5 Bc5 6. e3 O-O 7. Bd3 Bxd4 8. exd4 Nxd4 9. Bxh7+ Kxh7 10. Qxd4 Qe7+
11. Kd2 c5 12. Qh4+ Kg8 13. Bxf6 Qxf6 14. Qxf6 gxf6 15. Ne4 f5 16. Nxc5 d6 17. Nd3 b6 18. Rae1 Be6 19. h3 a5 20. g4 fxg4
21. hxg4 Bxg4 22. Reg1 f5 23. f3 Kf7 24. fxg4 fxg4 25. Rxg4 Rad8 26. Rf1+ Ke7 27. Rxf8 Rxf8 28. a4
1-0

[Event "lets play chess"]
[Site "SchemingMind.com"]
[Date "2009.09.24"]
[Round "-"]
[White "Jacobsen"]
[Black "cnbcad"]
[Result "0-1"]
[WhiteCountry "CIV"]
[BlackCountry "USA"]
[WhiteElo "1717"]
[WhiteRD "158"]
[BlackElo "1487"]
[BlackRD "62"]
[GameID "220768"]

1. e4 d5 2. exd5 Qxd5 3. Nc3 Qd6 4. d4 c6 5. Nf3 g6 6. Ne4 Qe6 7. Ne5 Bg7 8. Bc4 Qf5 9. Ng3 Qf6 10. Bxf7+ Kd8
11. h4 Be6 12. Bg5 Qxf7 13. Nxf7+ Bxf7 14. h5 Nd7
0-1

[Event "lets play chess"]
[Site "SchemingMind.com"]
[Date "2009.09.24"]
[Round "-"]
[White "Bjorno84"]
[Black "cool_dude"]
[Result "1-0"]
[WhiteCountry "USA"]
[BlackCountry "GBR"]
[WhiteElo "1823"]
[WhiteRD "145"]
[BlackElo "1306"]
[BlackRD "94"]
[GameID "220769"]

1. d4 d5 2. Nf3 c5 3. c3 Nc6 4. Bf4 Bg4 5. Nbd2 Qb6 6. Rb1 cxd4 7. cxd4 Nxd4 8. Ne5 Bf5 9. Qa4+ Qb5 10. Qxb5+ Nxb5
11. e4
1-0

[Event "lets play chess"]
[Site "SchemingMind.com"]
[Date "2009.09.26"]
[Round "-"]
[White "Salva"]
[Black "MOIMOI"]
[Result "1-0"]
[WhiteCountry "ESP"]
[BlackCountry "POL"]
[WhiteElo "1695"]
[WhiteRD "145"]
[BlackElo "1568"]
[BlackRD "51"]
[GameID "220770"]

1. d4 e6 2. e4 d6 3. Nf3 Ne7 4. Bd3 b6 5. Nc3 h6 6. h3 Bb7 7. O-O g5 8. Bc4 Nd7 9. b3 Bg7 10. Bb2 O-O
11. Re1 d5 12. exd5 Nxd5 13. Nxd5 Bxd5 14. Bxd5 exd5 15. Qd3 Re8 16. Qf5 Nf6 17. Rad1 Ne4 18. Ne5 Qf6 19. Qxf6 Bxf6 20. Nc6 a5
21. a4 Bh8 22. Ba3 f6 23. Ne7+ Kf7 24. Nxd5 Rac8 25. Ne7 Rxe7 26. Bxe7 Kxe7 27. Rxe4+ Kf7 28. d5 Kg6 29. d6 cxd6 30. Rxd6 Rxc2
31. Rxb6 Kh5 32. Ra6 f5 33. g4+ fxg4 34. hxg4+ Kh4 35. Rxh6#
1-0

[Event "lets play chess"]
[Site "SchemingMind.com"]
[Date "2009.09.22"]
[Round "-"]
[White "maro"]
[Black "Professor"]
[Result "0-1"]
[WhiteCountry "MEX"]
[BlackCountry "USA"]
[WhiteElo "1348"]
[WhiteRD "47"]
[BlackElo "1649"]
[BlackRD "220"]
[GameID "220771"]

1. d4 Nf6 2. d5 e6 3. c4 Bb4+ 4. Bd2 Qe7 5. a3 Bxd2+ 6. Qxd2 d6 7. Nc3 O-O 8. e3 Nbd7 9. Be2 Nc5 10. Nf3 Nb3
11. Qd1 Nxa1 12. Qxa1 e5 13. e4 Nh5 14. Qc1 Nf4 15. Rg1 f5 16. exf5 Bxf5 17. h3 Bd3 18. Qd2 Bxe2 19. Nxe2 Nxg2+ 20. Rxg2 Rxf3
21. Ng3 Qh4 22. Nf5 Rxf5
0-1

[Event "lets play chess"]
[Site "SchemingMind.com"]
[Date "2009.09.27"]
[Round "-"]
[White "jtrochez1"]
[Black "capablanca"]
[Result "0-1"]
[WhiteCountry "HON"]
[BlackCountry "GER"]
[WhiteElo "1610"]
[WhiteRD "50"]
[BlackElo "1643"]
[BlackRD "57"]
[GameID "220978"]

1. e4 e5 2. Nf3 Nc6 3. d4 exd4 4. Nxd4 Bc5 5. Nf3 d6 6. h3 Nf6 7. Bg5 Bxf2+ 8. Kxf2 Nxe4+ 9. Kg1 Nxg5 10. Nbd2 O-O
11. c3 Bf5 12. Qc1 Qf6 13. h4 Nxf3+ 14. Nxf3 Rfe8 15. Qd2 Re7 16. Qg5 Qxg5 17. hxg5 Rae8 18. Kf2 Ne5 19. Nxe5 Rxe5 20. Bc4 d5
21. Bb3 c6 22. Rae1 Rxe1 23. Rxe1 Rxe1 24. Kxe1 Kf8 25. Ke2 Ke7 26. Ke3 f6 27. gxf6+ Kxf6 28. g3 Ke5 29. a3 g5 30. Bd1 Bg6
31. g4 c5 32. b3 d4+ 33. cxd4+ cxd4+ 34. Kf3 h5 35. Kg3 h4+ 36. Kf2 Kf4 37. b4 b6 38. b5 Bd3 39. a4 Bc4 40. Kg2 Ke3
41. Kg1 Kd2 42. Bf3 Bb3 43. Bc6 Bxa4 44. Kf2 Bd1 45. Bd7 Be2 46. Kg1 Ke1 47. Bf5 Bxb5
0-1

[Event "lets play chess"]
[Site "SchemingMind.com"]
[Date "2009.09.24"]
[Round "-"]
[White "ATLKnight"]
[Black "spoke"]
[Result "0-1"]
[WhiteCountry "USA"]
[BlackCountry "GER"]
[WhiteElo "1480"]
[WhiteRD "267"]
[BlackElo "1824"]
[BlackRD "60"]
[GameID "220979"]

1. e4 e5 2. Nf3 Nc6 3. Bb5 Bb4 4. a3 Ba5 5. Nc3 Nge7 6. O-O O-O 7. d3 a6 8. Bc4 Bxc3 9. bxc3 d5 10. exd5 Nxd5
11. d4 Nxc3 12. Qd2 exd4 13. Qf4 b5 14. Bb3 Ne2+ 15. Kh1 Nxf4 16. Bxf4 Bg4 17. Ne5 Nxe5 18. Bxe5 c5 19. Bd5 Qxd5 20. Rae1 Rfe8
21. Bf4 Bf3 22. Rg1 Bxg2+ 23. Rxg2 Rxe1#
0-1

[Event "lets play chess"]
[Site "SchemingMind.com"]
[Date "2009.09.27"]
[Round "-"]
[White "capablanca"]
[Black "jtrochez1"]
[Result "1/2-1/2"]
[WhiteCountry "GER"]
[BlackCountry "HON"]
[WhiteElo "1616"]
[WhiteRD "52"]
[BlackElo "1538"]
[BlackRD "49"]
[GameID "220981"]

1. c4 b6 2. Nc3 Bb7 3. e4 e5 4. g3 Nf6 5. Bg2 Bb4 6. d3 d6 7. Ne2 h6 8. Bd2 O-O 9. a3 Bxc3 10. Bxc3 Nbd7
11. O-O Qe7 12. b4 c6 13. h3 d5 14. exd5 cxd5 15. cxd5 Bxd5 16. Re1 Bxg2 17. Kxg2 Nd5 18. Bb2 Qd6 19. Ng1 Qc6 20. Kh2 Rae8
21. Bxe5 Nxe5 22. Rc1 Qb5 23. d4 Ng6 24. Nf3 Rxe1 25. Qxe1 a5 26. bxa5 Qxa5 27. Qxa5 bxa5 28. Rc5 Nb6 29. Rxa5 Ra8 30. Rb5 Nc4
31. d5 Nxa3 32. Rb7 Nc4 33. Rc7 Nd6 34. Rc6 Ne4 35. Rc2 f5 36. Kg2 Kh7 37. Nd4 Ra5 38. Rc7 Nf8 39. Nxf5 Rxd5 40. Nxg7 Nd7
41. Ne6 Kg8 42. Rc2 Rd2 43. Rxd2 Nxd2 44. g4 Kf7 45. Nd4 Kf6 46. f4= Ne4 47. h4 Ne5 48. fxe5+ Kxe5 49. Ne2 Nf6 50. g5 hxg5
51. hxg5 Kf5 52. gxf6 Kxf6=
1/2-1/2

[Event "lets play chess"]
[Site "SchemingMind.com"]
[Date "2009.09.24"]
[Round "-"]
[White "spoke"]
[Black "ATLKnight"]
[Result "1-0"]
[WhiteCountry "GER"]
[BlackCountry "USA"]
[WhiteElo "1771"]
[WhiteRD "60"]
[BlackElo "1426"]
[BlackRD "230"]
[GameID "220982"]

1. e4 c5 2. Nf3 d6 3. d4 cxd4 4. Nxd4 Nf6 5. Nc3 g6 6. Be3 Bg7 7. f3 O-O 8. Qd2 Nc6 9. Bc4 Bd7 10. h4 Rc8
11. Bb3 Ne5 12. O-O-O Nc4 13. Bxc4 Rxc4 14. h5 Nxh5 15. g4 Nf6 16. Nde2 Nxe4 17. Nxe4 f6 18. Bh6 e5 19. Qd5+ Kh8 20. Bxg7+ Kxg7
21. Qxc4 f5 22. Nxd6 fxg4 23. fxg4 Qg5+ 24. Kb1 Bxg4 25. Rdg1 Bxe2 26. Rxg5 Bxc4 27. Nxc4 e4 28. Re5 Rf4 29. Nd6 h5 30. Rxe4 Rxe4
31. Nxe4 Kh6 32. c4 g5 33. Rd1 h4 34. Rd6+ Kh5 35. Nf6+ Kh6 36. Ng4+ Kg7 37. Rd7+ Kg6 38. Rxb7 Kf5 39. Nf2 g4 40. Rf7+
1-0

[Event "lets play chess"]
[Site "SchemingMind.com"]
[Date "2009.09.26"]
[Round "-"]
[White "Zugzwang"]
[Black "Gaëtan Emond"]
[Result "0-1"]
[WhiteCountry "CAN"]
[BlackCountry "CAN"]
[WhiteElo "1361"]
[WhiteRD "85"]
[BlackElo "1618"]
[BlackRD "68"]
[GameID "221082"]

1. d4 f5 2. c4 Nf6 3. Nc3 g6 4. g3 Bg7 5. Bg2 O-O 6. Nf3 d6 7. O-O Qe8 8. Bf4 c6 9. b4 Bd7 10. Qb3 Ne4
11. c5+ d5 12. e3 a5 13. Rfb1 h6 14. Nxe4 fxe4 15. Nd2 g5 16. Bc7 a4 17. Qc3 Na6 18. Ba5 Qf7 19. Rf1 Qh5 20. f4 Rf7
21. a3 Bg4 22. Rf2 Raf8 23. Raf1 Be2 24. Re1 Bb5 25. h4 gxh4 26. gxh4 Qxh4 27. Nf1 Rf5 28. Nh2 Rg5 29. Kh1 Rh5 30. Bf1 Qxf2
0-1

[Event "lets play chess"]
[Site "SchemingMind.com"]
[Date "2009.09.26"]
[Round "-"]
[White "Gaëtan Emond"]
[Black "Zugzwang"]
[Result "1-0"]
[WhiteCountry "CAN"]
[BlackCountry "CAN"]
[WhiteElo "1633"]
[WhiteRD "63"]
[BlackElo "1377"]
[BlackRD "84"]
[GameID "221086"]

1. d4 f5 2. g4 fxg4 3. e4 d6 4. Bb5+ c6 5. Bc4 Nf6 6. Nc3 d5 7. exd5 cxd5 8. Bb5+ Nc6 9. Bd2 Bd7 10. Qe2 Qc7
11. Bxc6 Bxc6 12. O-O-O O-O-O 13. Bg5 h5 14. f3 g6 15. Bxf6 Qf4+ 16. Kb1 Qxf6 17. fxg4 Kb8 18. Nf3 e6 19. Ne5 Rc8 20. Rhf1 Qe7
21. Nxg6 Qg7 22. Nxh8 Qxh8 23. Qxe6 Re8 24. Qf7
1-0

[Event "lets play chess"]
[Site "SchemingMind.com"]
[Date "2009.09.30"]
[Round "-"]
[White "aprendix"]
[Black "Ulf.Johanssen"]
[Result "1-0"]
[WhiteCountry "ESP"]
[BlackCountry "USA"]
[WhiteElo "2136"]
[WhiteRD "196"]
[BlackElo "1473"]
[BlackRD "73"]
[GameID "221201"]

1. e4 e5 2. Nf3 Nc6 3. Bb5 a6 4. Ba4 Nf6 5. O-O Be7 6. Re1 b5 7. Bb3 d6 8. c3 O-O 9. h3 Na5 10. Bc2 c5
11. d4 Qc7 12. Nbd2 Bd7 13. Nf1 Nc4 14. b3
1-0

[Event "lets play chess"]
[Site "SchemingMind.com"]
[Date "2009.09.26"]
[Round "-"]
[White "aston294"]
[Black "Chessic"]
[Result "0-1"]
[WhiteCountry "ENG"]
[BlackCountry "INT"]
[WhiteElo "1001"]
[WhiteRD "83"]
[BlackElo "1552"]
[BlackRD "163"]
[GameID "221202"]

1. d4 d5 2. Nc3 g6 3. Nf3 Bg7 4. e4 Nf6 5. exd5 Nxd5 6. Ne5 Nxc3 7. bxc3 Bxe5 8. dxe5 Qxd1+ 9. Kxd1 Nc6 10. f4 Bg4+
11. Be2 O-O-O+ 12. Ke1 Bf5 13. g4 Bxc2 14. g5 e6 15. Bg4 Rd3 16. Ke2 Rhd8 17. f5 exf5 18. Bh3 Nxe5 19. Bf4 Nc4 20. Rhc1 Ba4
21. Rab1 Rxh3 22. Rb4 Nb6 23. Rd1 Bxd1+
0-1

[Event "lets play chess"]
[Site "SchemingMind.com"]
[Date "2009.09.27"]
[Round "-"]
[White "mmccaffe"]
[Black "Frankygolucky"]
[Result "0-1"]
[WhiteCountry "USA"]
[BlackCountry "GBR"]
[WhiteElo "1615"]
[WhiteRD "59"]
[BlackElo "1866"]
[BlackRD "99"]
[GameID "221203"]

1. e4 e6 2. d4 d5 3. Nc3 Nf6 4. Bg5 Be7 5. e5 Nfd7 6. Bxe7 Qxe7 7. f4 O-O 8. Nf3 c5 9. Qd2 Nc6 10. Be2 a6
11. O-O f6 12. exf6 Qxf6 13. dxc5 Kh8 14. g3 Nxc5 15. a3 d4 16. Nd1 Bd7 17. c3 Nb3 18. Qc2 Nxa1
0-1

[Event "lets play chess"]
[Site "SchemingMind.com"]
[Date "2009.09.28"]
[Round "-"]
[White "Naoki_M"]
[Black "Manfred Kraut"]
[Result "1-0"]
[WhiteCountry "JPN"]
[BlackCountry "GER"]
[WhiteElo "1776"]
[WhiteRD "146"]
[BlackElo "1394"]
[BlackRD "72"]
[GameID "221204"]

1. e4 c5 2. Nf3 g6 3. c3 Bg7 4. d4 cxd4 5. Nxd4 Nc6 6. Be3 d6 7. Bb5 Bd7 8. Nxc6 Bxc6 9. Bxc6+ bxc6 10. Nd2 Nf6
11. Qa4 Qc8 12. b4 a5 13. bxa5 Qa6 14. Bb6 Qxb6 15. axb6 Rxa4 16. b7 O-O 17. O-O Nxe4 18. Nxe4 Rb8 19. Rfb1 d5 20. Nc5 Rc4
21. Nd7 Bxc3 22. Nxb8 Bxa1 23. Nxc6 Bb2 24. b8=Q+ Kg7 25. Qxb2+
1-0

[Event "lets play chess"]
[Site "SchemingMind.com"]
[Date "2009.09.26"]
[Round "-"]
[White "Shell"]
[Black "DanielBN"]
[Result "0-1"]
[WhiteCountry "ENG"]
[BlackCountry "GER"]
[WhiteElo "1207"]
[WhiteRD "61"]
[BlackElo "1401"]
[BlackRD "163"]
[GameID "221205"]

1. d4 d5 2. c4 dxc4 3. Nf3 Nc6 4. Nc3 Nf6 5. e4 e6 6. a3 a6 7. Bxc4 b5 8. Ba2 Be7 9. O-O O-O 10. d5 exd5
11. exd5 Nb8 12. Bg5 Bb7 13. Qd3 c6 14. Rfe1 cxd5 15. Rad1 h6 16. Bf4 Qd7 17. b4 Ne4 18. Bxd5 Nxc3 19. Bxb7 Qxb7 20. Qxc3 Nc6
21. a4 Bxb4 22. Rd7 Qxd7 23. Qc2 Bxe1 24. Nxe1 Rfe8 25. Bd2 Rad8 26. axb5 Qxd2 27. Qxd2 Rxd2 28. g4 Rxe1+ 29. Kg2 axb5 30. Kg3 b4
0-1

[Event "lets play chess"]
[Site "SchemingMind.com"]
[Date "2009.09.29"]
[Round "-"]
[White "Heidi"]
[Black "Clive Everill"]
[Result "0-1"]
[WhiteCountry "USA"]
[BlackCountry "CZE"]
[WhiteElo "909"]
[WhiteRD "67"]
[BlackElo "1659"]
[BlackRD "48"]
[GameID "221206"]

1. e4 c6 2. Nc3 d5 3. d3 e5 4. f4 Bb4 5. Ne2 d4 6. fxe5 dxc3 7. Nxc3 Ne7 8. a3 Bxc3+ 9. Bd2 Bxb2 10. Ra2 Bxe5
11. Be2 O-O 12. O-O Qc7 13. Bg5 Bxh2+ 14. Kf2 Qg3#
0-1

[Event "lets play chess"]
[Site "SchemingMind.com"]
[Date "2009.09.26"]
[Round "-"]
[White "Chessic"]
[Black "aston294"]
[Result "1-0"]
[WhiteCountry "INT"]
[BlackCountry "ENG"]
[WhiteElo "1552"]
[WhiteRD "163"]
[BlackElo "1001"]
[BlackRD "83"]
[GameID "221213"]

1. e4 e5 2. Nf3 Nf6 3. Nc3 Nc6 4. d4 exd4 5. Nxd4 Nxd4 6. Qxd4 d6 7. Bg5 h6 8. Bxf6 gxf6 9. Bc4 Qe7 10. Nd5 Qd7
11. Nxf6+ Ke7 12. Nxd7 Bxd7 13. Qxh8 c5 14. f4 Ba4 15. Qg8
1-0

[Event "lets play chess"]
[Site "SchemingMind.com"]
[Date "2009.09.27"]
[Round "-"]
[White "Frankygolucky"]
[Black "mmccaffe"]
[Result "1/2-1/2"]
[WhiteCountry "GBR"]
[BlackCountry "USA"]
[WhiteElo "1868"]
[WhiteRD "96"]
[BlackElo "1692"]
[BlackRD "61"]
[GameID "221214"]

1. d4 Nf6 2. c4 g6 3. Nc3 Bg7 4. e4 d6 5. f4 O-O 6. Nf3 Bg4 7. Be2 c5 8. d5 Na6 9. O-O Nc7 10. Qd3 a6
11. Rb1 Rb8 12. b4 cxb4 13. Rxb4 Bxf3 14. Bxf3 Nd7 15. Be3 Nc5 16. Bxc5 dxc5 17. Rbb1 Bd4+ 18. Kh1 Qd7 19. e5 b5 20. cxb5 Nxb5
21. Ne4 f5 22. Ng5 Nc7 23. d6 exd6 24. Qc4+ d5 25. Qe2 Nb5 26. Qe1 Nc3 27. Rxb8 Rxb8 28. Qh4 Rb2 29. Nxh7 Qxh7 30. Qd8+ Kg7
31. Qf6+ Kg8 32. Qd8+=
1/2-1/2

[Event "lets play chess"]
[Site "SchemingMind.com"]
[Date "2009.09.28"]
[Round "-"]
[White "Manfred Kraut"]
[Black "Naoki_M"]
[Result "0-1"]
[WhiteCountry "GER"]
[BlackCountry "JPN"]
[WhiteElo "1394"]
[WhiteRD "72"]
[BlackElo "1776"]
[BlackRD "146"]
[GameID "221215"]

1. d4 Nf6 2. Nf3 g6 3. e3 Bg7 4. Bd3 d6 5. O-O Bg4 6. Nbd2 Nbd7 7. c4 b6 8. Qa4 O-O 9. h3 Bxf3 10. Nxf3 c5
11. d5 Ne5 12. Nxe5 dxe5 13. e4 Nh5 14. b4 cxb4 15. Qxb4 Nf4 16. Bxf4 exf4 17. Rae1 Be5 18. c5 bxc5 19. Qxc5 Qd6 20. Qxd6 exd6
21. Kh2 Rab8 22. Re2 f3+
0-1

[Event "lets play chess"]
[Site "SchemingMind.com"]
[Date "2009.09.26"]
[Round "-"]
[White "DanielBN"]
[Black "Shell"]
[Result "1-0"]
[WhiteCountry "GER"]
[BlackCountry "ENG"]
[WhiteElo "1401"]
[WhiteRD "163"]
[BlackElo "1207"]
[BlackRD "61"]
[GameID "221216"]

1. e4 e5 2. Nf3 Nc6 3. d4 exd4 4. Nxd4 Nf6 5. Nxc6 bxc6 6. Bd3 d5 7. exd5 cxd5 8. O-O Bg4 9. Be2 Qd7 10. Re1 Be7
11. a4 O-O 12. Bxg4 Qxg4 13. Qxg4 Nxg4 14. Rxe7 Rae8 15. Rxe8 Rxe8 16. Bd2 Re2 17. f3 Ne3 18. Bxe3 Rxe3 19. Nc3 c5 20. Nxd5 Re2
21. Rc1 h5 22. Kf1 Re5 23. Nf4 c4 24. b3 cxb3 25. cxb3 g5 26. Nxh5 g4 27. Nf6+ Kg7 28. Nxg4 Rd5 29. Ne3 Rd3 30. Ke2 Rxb3
31. Rc7 a5 32. Ra7 Rb2+ 33. Kd3 Kg6 34. Rxa5 Rb3+ 35. Kd4 Rb1 36. h4 f5 37. Rxf5 Rb4+ 38. Kd3 Rxa4 39. g4 Ra3+ 40. Ke4 Ra4+
41. Kd3 Ra3+ 42. Kd2 Ra2+ 43. Nc2 Ra6 44. Nd4 Ra4 45. h5+ Kh7 46. Ke3 Ra3+ 47. Ke4 Ra4 48. g5 Kg7 49. f4
1-0

[Event "lets play chess"]
[Site "SchemingMind.com"]
[Date "2009.09.30"]
[Round "-"]
[White "Clive Everill"]
[Black "Heidi"]
[Result "1-0"]
[WhiteCountry "CZE"]
[BlackCountry "USA"]
[WhiteElo "1669"]
[WhiteRD "49"]
[BlackElo "812"]
[BlackRD "65"]
[GameID "221217"]

1. e4 e5 2. Nf3 d5 3. exd5 Qxd5 4. Nc3 Qe6 5. Bb5+ c6 6. Ba4 b6 7. O-O Bc5 8. Re1 Nf6 9. Rxe5 Qxe5 10. Nxe5 O-O
11. Nxc6 Bf5 12. Qf3 Nbd7 13. Qxf5 b5 14. Nxb5 Rfe8 15. g3 Nh5 16. Qxh5 h6 17. d4 Bb6 18. Bxh6
1-0

[Event "lets play chess"]
[Site "SchemingMind.com"]
[Date "2009.11.04"]
[Round "-"]
[White "Naoki_M"]
[Black "Clive Everill"]
[Result "1/2-1/2"]
[WhiteCountry "JPN"]
[BlackCountry "CZE"]
[WhiteElo "1793"]
[WhiteRD "131"]
[BlackElo "1669"]
[BlackRD "49"]
[GameID "225348"]

1. c4 Nf6 2. d4 g6 3. Nc3 d5 4. Nf3 Bg4 5. e3 e6 6. Be2 Bb4 7. a3 Bxc3+ 8. bxc3 Nc6 9. c5 Ne4 10. Bd2 Nxd2
11. Qxd2 Qd7 12. Ne5 Nxe5 13. dxe5 Bxe2 14. Qxe2 Qc6 15. O-O Qxc5 16. Rfc1 O-O 17. a4 a6 18. Qb2 b5 19. a5 Qe7 20. f4 c5
21. Rab1 c4 22. g3 Qc5 23. Kf2 Kg7 24. Qb4 Qc8 25. Qe7 Qd8 26. Qxd8 Rfxd8 27. g4 f5 28. g5 h6 29. h4 h5 30. Rd1 Kf7
31. Ke2 Ke7 32. Kd2 Ra7 33. Kc2 Kd7 34. Kb2 Kc6 35. Ka3 Kc5 36. Rb4=
1/2-1/2